000 00881nam a2200265 i 4500
001 104328
003 ES-MaACL
005 20250827062546.0
007 t|
008 051128s1987 sp ||||1| spa d
020 _a84-7476-111-5
100 1 _aMiguel, Jesús M. de.
_981009
245 1 3 _aLa profesión farmacéutica /
_cpor Jesús M. de Miguel, Juan Salcedo.
250 _a1ª ed.
260 _aMadrid :
_bCentro de Investigaciones Sociológicas,
_c1987.
300 _aX, 341 p. ;
_c21 cm.
490 1 _aMonográfias ;
_v97
504 _aGlosario: p. 271-319.
504 _aBibliografía. Indice.
700 1 _aSalcedo, Juan.
_9101843
710 2 _aCentro de Investigaciones Sociológicas (España)
_92708
830 0 0 _aMonografías (Centro de Estudios Benaventanos "Ledo del Pozo")
_v97
_9177262
852 _aES-MaACL
_jL-12851
_bR.114991
999 _c104328
_d104328